1406 1986 1658 1603 1450 1744 1808 1374 1676 1812 1155 1997 1484 1724 1049 1847 1749 1365 1420 1510 1477 1178 1384 1122 1555 1325 1567 1625 1050 1215 1720 1556 1895 1875 1890 1184 1639 1650 1916 1083 1707 1181 1731 1324 1154 1882 1601 1342 1359 1811 1602 1615 1358 1265 1037 1744 1758 1017 1732 1270 1881 1760 1590 1977 1318 1197 1783 1161 1076 1414 1775 1858 1084 1020 1216 1702 1442 1578 1564 1981 1342 1803 1991 1266 1390 1180 1839 1697 1913 1739 1007 1225 1904 1482 1358 1349 1641 1826 1115 BCNSPRNW ULIB Ver.6.0+V

เปลี่ยนเป็นภาษาไทย

Change to English
 แสดงรายละเอียดบรรณานุกรม
  กลับหน้าหลัก

Brief Record : Get Marc (ISO 2709) : E-mail record : QR code < ปิดหน้าต่าง
LEADER : 00000nam 2200000uu 4500
001    13399122857
003     ULIB
008    131022s2555||||th 000 0 tha d
020    ^a9789742473723
050  4 ^aDS520^bป533ร
100    ^aปัทมาพร คำโท
245    ^aเราคืออาเซียน--ฟิลิปปินส์ /^cปัทมาพร คำโท
250    ^aพิมพ์ครั้งที่ 4
260    ^aกรุงเทพฯ :^bอมรินทร์คอมมิกส์,^c2555
300    ^a53 หน้า
440  0 ^aชุด เราคืออาเซียน
650  7 ^aประชาคมอาเซียน
650  7 ^aอาเซียน
650  7 ^aฟิลิปปินส์
945    ^p75^l0^i034078
999    ^aทศพร
รายการนี้ยังไม่มีแท็ก
คุณยังไม่ได้ล็อกอิน คุณสามารถมีกิจกรรมร่วมกับเว็บไซต์ได้ แต่ต้องล็อกอินก่อน ::
  ล็อกอิน

รายการสื่อสารสนเทศ

ลำดับที่ ประเภท เลขเรียก/บาร์โค้ด สถานที่ สถานะ
1. การศึกษาทั่วไป
หนังสือสำรอง
สถานะ=หนังสือสำรอง
DS520 ป533ร ฉ.1 
  Barcode: 034078
ห้องสมุดวิทยาเขตสวรรค์ประชารักษ์
►หนังสือทั่วไป
บนชั้น

รายการใกล้เคียง
    ผู้แต่ง [ปัทมาพร คำโท]

    หัวเรื่อง [ประชาคมอาเซียน]
    หัวเรื่อง [อาเซียน]
    หัวเรื่อง [ฟิลิปปินส์]

BibComment


ยังไม่เคยถูกคอมเมนท์

คอมเมนท์ทรัพยากรรายการนี้
  คอมเมนท์: เราคืออาเซียนฟิล..


 Copyright 2026. Bcnsprnw @Library